Exploring linear algebra : labs and projects with mathematica
Saved in:
| Main Author: | |
|---|---|
| Format: | Book |
| Language: | English |
| Published: |
Boca Raton :
CRC Press,
c2015.
|
| Series: | Textbooks in mathematics
|
| Subjects: | |
| Tags: |
Add Tag
No Tags, Be the first to tag this record!
|
MARC
| LEADER | 00000nam a2200000 a 4500 | ||
|---|---|---|---|
| 001 | 1/107485 | ||
| 008 | 150716t2015####flu| ||| |||| ||eng|| | ||
| 020 | |a 9781482241495 |q (σκληρό εξώφυλλο) | ||
| 040 | |a GR-MyUa |b gre |c GR-MyUa |e AACR2 | ||
| 041 | 0 | |a eng | |
| 082 | 7 | |a 512.5028553 |2 (23) | |
| 100 | 1 | |a Arangala, Crista, |e aut | |
| 245 | 0 | 0 | |a Exploring linear algebra : |b labs and projects with mathematica / |c Crista Arangala. |
| 260 | |a Boca Raton : |b CRC Press, |c c2015. | ||
| 300 | |a xi, 139 σ. : |b διαγρ. ; |c 24 εκ. | ||
| 490 | 1 | |a Textbooks in mathematics | |
| 504 | |a Περιλαμβάνει βιβλιογραφικές αναφορές και ευρετήριο. | ||
| 650 | 0 | |a Algebras, Linear |x Data processing. | |
| 830 | 0 | |a Textbooks in mathematics | |
| 852 | |a INST |b CHIOS |e 20150716 |h 512.5028553 ARA |p 005200037387 |q 005200037387 |t BK |y 0 | ||
| 922 | |a 2ΕΛΗ |b 2015-04 |c ΤΑΚ/ΤΜΟΔ |d ΔΡΕΣ | ||
| 970 | |a Σπέντζα |b Ελένη |z 16-07-2015 | ||